000 00622pam a2200193 a 4500
020 _a0803995504
020 _a0803995512 (pbk.)
040 _cDLC
082 0 0 _a338 SAG 1988 A021 Or.
100 1 _aBhatia, B. M.
245 1 0 _aIndian agriculture :
_ba policy perspective /
260 _aNew Delhi ;
_aNewbury Park, Calif. :
_bSage Publications,
_c1988.
300 _a191 p. ;
_c23 cm.
500 _aIncludes index.
650 0 _aAgriculture and state
856 4 2 _uhttp://www.loc.gov/catdir/enhancements/fy0657/87035588-d.html
856 4 1 _uhttp://www.loc.gov/catdir/enhancements/fy0657/87035588-t.html
942 _cEK
999 _c12740
_d12740